Statistics for Most Played Songs Live - Metallica

Click here to take the quiz!

General Stats

  • This quiz has been taken 1,781 times
  • The average score is 10 of 15

Answer Stats

Times PlayedAnswer% Correct
1,184Enter Sandman
97%
1,495Master of Puppets
97%
1,352One
92%
1,075Nothing Else Matters
88%
1,349Seek and Destroy
82%
1,112Fade to Black
79%
1,338For Whom the Bell Tolls
77%
916Battery
74%
1,436Creeping Death
72%
1,180Sad but True
72%
925Welcome Home (Sanitarium)
63%
879Whiplash
44%
753Wherever I May Roam
43%
749Harvester of Sorrow
38%
804Last Caress (Misfits Cover)
10%

Score Distribution

Percentile by Number Answered

Percent of People with Each Score

Your Score History

You have not taken this quiz